| 000 | 01320nam a2200349 i 4500 | ||
|---|---|---|---|
| 001 | 197020 | ||
| 003 | SpMaBN | ||
| 005 | 20250814063304.0 | ||
| 008 | 241216s2024 xx |||||||||||00| ||spa|| | ||
| 017 |
_aB 4428-2024 _bOficina Depósito Legal Barcelona |
||
| 020 | _a9788419835734 | ||
| 035 | _a(OCoLC)1447654972 | ||
| 040 |
_aSpMaBN _bspa _cSpMaBN _erda |
||
| 100 | 1 |
_9239818 _aMcFadden, Freida _eaut |
|
| 240 | _aThe Housemaid's Secret | ||
| 245 | 1 | 0 |
_aEl secreto de la asistenta / _cFreida McFadden ; traducción de Carlos Abreu. |
| 250 | _aTercera reimpresión: agosto 2024 | ||
| 260 |
_aBarcelona : _bPenguin Random House, _c2024. |
||
| 264 | _c©2024. | ||
| 300 |
_a325 páginas ; _c23 cm |
||
| 336 |
_2rdacontent _atexto |
||
| 337 |
_2rdamedia _asin mediación |
||
| 338 |
_2rdacarrier _avolumen |
||
| 655 | 7 |
_9234410 _aNovelas de suspense _2tgfbne |
|
| 700 | 1 |
_aAbreu Fetter, Carlos, _etrl _9238910 _d1971- |
|
| 852 |
_aES-MaACL _cDEPOJ _jN-10423 _hDonación: José Lázaro García _xEncuadernación rústica con solapas _9206547 |
||
| 903 |
_9234219 _aLázaro García, José _ednr |
||
| 942 |
_cMONOGRAFIA _n0 |
||
| 999 |
_c197020 _d197020 |
||